Online
Catalog

Hoy es un día largo / (Record no. 22208)

MARC details
000 -CABECERA
campo de control de longitud fija 00577nam a2200193 a 4500
001 - NÚMERO DE CONTROL
campo de control 000022711
005 - FECHA Y HORA DE LA ÚLTIMA TRANSACCIÓN
campo de control 20200930021743.0
008 - DATOS DE LONGITUD FIJA--INFORMACIÓN GENERAL
campo de control de longitud fija 101116s1986 ag r 000 j spa d
020 ## - NÚMERO INTERNACIONAL ESTÁNDAR DEL LIBRO
Número Internacional Estándar del Libro 9505150228
040 ## - FUENTE DE LA CATALOGACIÓN
Centro catalogador/agencia de origen DO-SdBNP
Lengua de catalogación spa
Centro/agencia transcriptor BNPHU
082 ## - NÚMERO DE LA CLASIFICACIÓN DECIMAL DEWEY
Número de clasificación 863.4
Número de documento/Ítem N218h
049 ## - FONDOS LOCALES (OCLC)
Fondos de biblioteca BNGR
100 1# - ENTRADA PRINCIPAL--NOMBRE DE PERSONA
Nombre de persona Naranjo, Carmen,
Títulos y otros términos asociados al nombre 1928-
9 (RLIN) 23869
245 10 - MENCIÓN DE TÍTULO
Título Hoy es un día largo /
Mención de responsabilidad, etc. Carmen Naranjo.
260 ## - PUBLICACIÓN, DISTRIBUCIÓN, ETC.
Lugar de publicación, distribución, etc. Buenos Aires :
Nombre del editor, distribuidor, etc. Ediciones de la Flor,
Fecha de publicación, distribución, etc. 1986.
300 ## - DESCRIPCIÓN FÍSICA
Extensión 123, [4] P. ;
Dimensiones 18 cm.
650 #4 - PUNTO DE ACCESO ADICIONAL DE MATERIA--TÉRMINO DE MATERIA
Término de materia o nombre geográfico como elemento de entrada Cuentos costarricense
9 (RLIN) 3331
650 #4 - PUNTO DE ACCESO ADICIONAL DE MATERIA--TÉRMINO DE MATERIA
Término de materia o nombre geográfico como elemento de entrada Literatura costarricense
Subdivisión cronológica SIGLO XX
9 (RLIN) 22789

No items available.

Powered by Koha